000 01421nam0a2200361 4500
001 RU\NLR\bibl\443312
005 20250623175636.0
010 _a5-9524-0330-1
_bВ пер.
_97000
021 _aRU
_b2003-34371
_91628
035 _a(NLR Aleph) 000437021
090 _a790281
_c790281
100 _a20030908d2003 |||y0rusy50 ca
101 1 _arus
_ceng
102 _aRU
105 _aa |||||||||
200 1 _aМорские волки
_eГерман. подвод. лодки во Второй мировой войне
_fВольфганг Франк
_g[Пер. с англ. Ю. В. Бехтина
_gПредисл. Л. П. Ловетта]
210 _aМ.
_cЦентрполиграф
_d2003
215 _a334, [1] с., [4] л. ил.
_d19
300 _aЗагл. и авт. ориг.: The sea wolves/ Wolfgang Frank
454 0 _12001#$aThe sea wolves$fWolfgang Frank
_tThe sea wolves
606 1 _aПодводные лодки немецкие
_xБоевые действия
_z1939 - 1945
_92516539
_3RU\NLR\AUTH\661491503
675 _a359:623.827(430)(091)<1939/1945>
_v3
_zrus
686 _a78.27
_2rugasnti
686 _a63.3(4Гем)
_2rubbk
686 1 _aЦ35(0)62-661,2
700 1 _aФранк
_bВ.
_gВольфганг
_4070
801 0 _aRU
_bRKP
_c20030908
_gPSBO
801 1 _aRU
_bRKP
_c20030908
801 2 _aRU
_bNLR
_c20031029
_grcr
942 _cBOOK
980 _aNB